Spanish Family Words - Statistics

General Stats
  • This quiz has been taken 210 times
  • The average score is 14 of 18
Answer Stats
English Spanish % Correct
Mother Madre
99%
Father Padre
99%
Brother Hermano
95%
Sister Hermana
94%
Uncle Tío
93%
Son Hijo
92%
Aunt Tía
92%
Daughter Hija
91%
Grandmother Abuela
88%
Grandfather Abuelo
88%
Wife Esposa
79%
Husband Esposo
78%
Cousin (female) Prima
69%
Cousin (male) Primo
69%
Granddaughter Nieta
58%
Grandson Nieto
58%
Niece Sobrina
53%
Nephew Sobrino
53%
No matching quizzes found
Score Distribution
Percent of People with Each Score
Percentile by Number Answered
Your Score History
You have not taken this quiz